Les plus gros transferts du football - Footballeurs uruguayens - Statistiques

Statistiques générales
  • Ce quiz a été pris 117 fois
  • Le résultat moyen est 8 sur 10
Statistiques - réponses
Montant de transfert (M €) Saison Venant de Allant à Joueur % Correct
85,00 2022-2023 Benfica Liverpool Darwin Núñez
100%
34,00 2020-2021 UD Almería Benfica Darwin Núñez
100%
64,50 2013-2014 Napoli Paris SG Edinson Cavani
99%
81,72 2014-2015 Liverpool Barcelone Luis Suárez
98%
26,50 2010-2011 Ajax Liverpool Luis Suárez
98%
60,00 2023-2024 Sporting CP Paris SG Manuel Ugarte
93%
21,00 2007-2008 Villarreal CF Atlético Madrid Diego Forlán
61%
28,65 2018-2019 Sampdoria Arsenal Lucas Torreira
44%
21,70 2017-2018 Boca Juniors Juventus Turin Rodrigo Bentancur
37%
24,00 2017-2018 Fiorentina Inter Matías Vecino
27%
Aucun quiz correspondant
Distribution des résultats
% des personnes avec chaque résultat
Percentile par nombre de réponses
Votre historique - résultats
Vous n’avez pas pris ce quiz